Circuits and signals
| Main Author: | |
|---|---|
| Other Authors: | |
| Published: |
Petaling Jaya:
Prentice Hall,
2004.
|
| Subjects: |
| LEADER | 00510cam a2200169 7i4500 | ||
|---|---|---|---|
| 001 | 0000042494 | ||
| 005 | 20060807090000.0 | ||
| 020 | # | 0 | |a 9832639921 |
| 090 | 0 | 0 | |a TK 7868 I58 |b R3 |
| 100 | 1 | # | |a Rakesh Ranjan |
| 245 | 1 | 0 | |a Circuits and signals |c Rakesh Ranjan, N. C. Sahoo. |
| 260 | # | # | |a Petaling Jaya: |b Prentice Hall, |c 2004. |
| 300 | # | # | |a x, 264p. b ill.; |c 23 cm.. |
| 650 | 0 | 0 | |a Linear integrated circuits |
| 650 | 0 | 0 | |a Interface circuits |
| 700 | 1 | 1 | |a Sahoo, |h N.C. |
| 999 | |a 1100031407 |b Book |c Open Shelf |e KOLEKSI TERBUKA | ||


